logo

Bir Sreshtho Munshi Abdur Rouf Library
Jhenaidah Cadet College

Scarcity and survival in Central America : (Record no. 7885)

MARC details
000 -LEADER
fixed length control field 01104cam a2200313 i 4500
001 - CONTROL NUMBER
JCCL Control Number 7885
003 - CONTROL NUMBER IDENTIFIER
JCCL marc code BD-JhCC
005 - DATE AND TIME OF LATEST TRANSACTION
control field 20180215094020.0
008 - FIXED-LENGTH DATA ELEMENTS--GENERAL INFORMATION
fixed length control field 791220s1979 caua b 001 0 eng
020 ## - INTERNATIONAL STANDARD BOOK NUMBER
International Standard Book Number 0804710007
035 ## - SYSTEM CONTROL NUMBER
system control number (BD-JhCC)7885
040 ## - CATALOGING SOURCE
Original cataloging agency DLC
Transcribing agency DLC
Modifying agency DLC
-- BD-JhCC
041 ## - LANGUAGE CODE
Language code of Book eng
050 00 - LIBRARY OF CONGRESS CALL NUMBER
Classification number HN183.5
Item number .D87
082 00 - DEWEY DECIMAL CLASSIFICATION NUMBER
Classification number 972.8
Author mark and Year DUR 1979
100 1# - MAIN ENTRY--PERSONAL NAME
Personal name Durham, William H.
245 10 - TITLE STATEMENT
Title Scarcity and survival in Central America :
Remainder of title ecological origins of the soccer war /
Statement of responsibility, etc William H. Durham.
260 ## - PUBLICATION, DISTRIBUTION, ETC. (IMPRINT)
Place of publication, distribution, etc Stanford, Calif. :
Name of publisher, distributor, etc Stanford University Press,
Date of publication, distribution, etc 1979.
300 ## - PHYSICAL DESCRIPTION
Pagination xvii, 209 p. :
Other physical details ill. ;
Dimensions 23 cm.
500 ## - GENERAL NOTE
General note Includes index.
504 ## - BIBLIOGRAPHY, ETC. NOTE
Bibliography, etc Bibliography: p. [189]-202.
650 #0 - SUBJECT ADDED ENTRY--TOPICAL TERM
Topical term or geographic name as entry element El Salvador-Honduras Conflict, 1969.
651 #0 - SUBJECT ADDED ENTRY--GEOGRAPHIC NAME
Geographic name El Salvador
General subdivision Rural conditions.
651 #0 - SUBJECT ADDED ENTRY--GEOGRAPHIC NAME
Geographic name Honduras
General subdivision Rural conditions.
856 42 - ELECTRONIC LOCATION AND ACCESS
Materials specified Contributor biographical information
Uniform Resource Identifier http://www.loc.gov/catdir/enhancements/fy1208/78055318-b.html
856 42 - ELECTRONIC LOCATION AND ACCESS
Materials specified Publisher description
Uniform Resource Identifier http://www.loc.gov/catdir/enhancements/fy1208/78055318-d.html
942 ## - ADDED ENTRY ELEMENTS (KOHA)
Source of classification or shelving scheme Dewey Decimal Classification
Koha item type Books
Holdings
Source of classification or shelving scheme Damaged status Not for loan Home library Current library Shelving location Total Checkouts Full call number Barcode Date last seen Copy number Koha item type
Dewey Decimal Classification     JCC Rouf Library JCC Rouf Library General Stacks   972.8 DUR 1979 10513 02/15/2018 C - 1 Books

JCC Library | Contacts | JCC Home

Last Update on 23 September 2017
Copyright @ 2017-2020 JCC Rouf Library
Rouf Library, Jhenidah Cadet College (JCC), Bangladesh